书目信息 |
| 题名: |
新店面
|
|
| 作者: | 金霑 摄影 ;火霄 撰文 | |
| 分册: | ||
| 出版信息: | 沈阳 辽宁科学技术出版社 2005.9 |
|
| 页数: | 191页 | |
| 开本: | 31cm | |
| 丛书名: | ||
| 单 册: | ||
| 中图分类: | TU247.2-64 | |
| 科图分类: | ||
| 主题词: | 商店--shang dian--建筑设计--中国--图集 , 建筑设计--jian zhu she ji | |
| 电子资源: | ||
| ISBN: | 7-5381-4516-8 | |
| 000 | 00839nam0 2200253 45 | |
| 001 | 012005000794 | |
| 005 | 20061031153011.71 | |
| 010 | @a7-5381-4516-8@b精装@dCNY168.00 | |
| 100 | @a20060313d2005 em y0chiy0121 ea | |
| 101 | 0 | @achi@eeng |
| 102 | @aCN@b210000 | |
| 105 | @aa z 000yy | |
| 200 | 1 | @a新店面@Axin dian mian@d= New shop front@f金霑摄影@g火霄撰文@zeng |
| 210 | @a沈阳@c辽宁科学技术出版社@d2005.9 | |
| 215 | @a191页@d31cm | |
| 330 | @a本书通过图片与文字相结合的形式,介绍了餐饮空间、饮料甜品店、百货专卖店、娱乐服务设施等的设计。 | |
| 510 | 1 | @aNew shop front@zeng |
| 606 | 0 | @a商店@Ashang dian@x建筑设计@y中国@j图集 |
| 606 | 0 | @a建筑设计@Ajian zhu she ji |
| 690 | @aTU247.2-64@v4 | |
| 701 | 0 | @a金霑@Ajin zhan@4摄影 |
| 702 | 0 | @a火霄@Ahuo xiao@4撰文 |
| 801 | 0 | @aCN@c20061031 |
| 905 | @apdsgxy@dTU247.2-64@eJ835 | |
| 新店面= New shop front/金霑摄影/火霄撰文.-沈阳:辽宁科学技术出版社,2005.9 |
| 191页;31cm |
| ISBN 7-5381-4516-8(精装):CNY168.00 |
| 本书通过图片与文字相结合的形式,介绍了餐饮空间、饮料甜品店、百货专卖店、娱乐服务设施等的设计。 |
| ● |
| 相关链接 |
|
|
|
正题名:新店面
索取号:TU247.2-64/J835
 
预约/预借
| 序号 | 登录号 | 条形码 | 馆藏地/架位号 | 状态 | 备注 |
| 1 | 633183 | 206331833 | 建筑库101/101建筑库 69排2列3层/ [索取号:TU247.2-64/J835] | 在馆 |